000 00448nam a2200157Ia 4500
008 210716s2014 xx 000 0 und d
020 _a9788126545605
041 _aeng
082 _a621.3916 JOSA
100 _aJoshi, Atul K; Joshi, Swati Atul; Jadhav, Hemlata M.
245 _aProcessor architecture and interfacing.
250 _a1
260 _aNew Delhi
_bWILEY
_c2014
300 _axxii,342
650 _aMicrocontrollers & Microprocessors
999 _c197169
_d197169